Missing Word: Brad Pitt (A-Z) Quiz Stats

 Plays Quiz Updated Dec 30, 2013

Challenge
Share
Tweet
Embed
Score 0/21 Timer 03:00
0 Plays Today
Hint Missing Word % Correct
Ocean's _____ Eleven
97.8%
Thelma & _____ Louise
95.7%
World War _____ Z
90.9%
_____ Them SoftlyKilling
90.7%
Seven _____ in TibetYears
90.7%
The _____ Side of the SunDark
89.6%
Meet _____ Black Joe
87.9%
Inglourious _____ Basterds
87.7%
Interview with the _____ Vampire
86.9%
A River Runs Through _____ It
85.3%
Legends of the _____ Fall
79.3%
Hint Missing Word % Correct
Twelve _____ Monkeys
68.7%
Spy _____ Game
63.8%
The _____ of Jesse James by the Coward Robert FordAssassination
57%
_____ : Legend of the Seven SeasSinbad
56.4%
The Devil's _____ Own
51.9%
_____ Feet TwoHappy
46.1%
_____ of a Dangerous MindConfessions
43.5%
The _____ of Life Tree
33.7%
True _____ Romance
33%
Cool _____ World
18.3%

Today's Daily Dose

You're not logged in!

Compare scores with friends on all Sporcle quizzes.
OR
Log In

You Might Also Like...

Show Comments

Extras

Top Quizzes Today


Score Distribution

Your Account Isn't Verified!

In order to create a playlist on Sporcle, you need to verify the email address you used during registration. Go to your Sporcle Settings to finish the process.

Report this User

Report this user for behavior that violates our Community Guidelines.

Details: